[Event "Angers op 16th"]
[Site "Angers"]
[Date "2023.05.19"]
[Round "2"]
[White "De Pierrefeu, Thibault"]
[Black "Roos, Adrian"]
[Result "1/2-1/2"]
[WhiteElo "2192"]
[BlackElo "2275"]
[PlyCount "63"]
[EventDate "2023.05.19"]
[EventType "swiss"]
[EventRounds "6"]
[EventCountry "FRA"]
[SourceTitle "CBM 214 Extra"]
[Source "ChessBase"]
[SourceDate "2023.07.31"]
[SourceVersion "1"]
[SourceVersionDate "2023.07.31"]
[SourceQuality "1"]

1. e4 c5 2. Nf3 d6 3. d4 cxd4 4. Nxd4 Nf6 5. Nc3 a6 6. Be2 e6 7. Bg5 Nbd7 8. f4 Qc7 9. Qd3 b5 10. Bf3 Bb7 11. Bxf6 Nxf6 12. e5 dxe5 13. Bxb7 Qxb7 14. fxe5 Nd7 15. 0-0-0 Be7 16. Qf3 Qxf3 17. Nxf3 Nc5 18. Rhe1 Rd8 19. Ne4 Rxd1+ 20. Kxd1 h6 21. Nxc5 Bxc5 22. Ke2 Ke7 23. Rd1 Rc8 24. c3 Rc6 25. Rd3 Bb6 26. b3 Bc7 27. Re3 Rc5 28. Kd3 Rd5+ 29. Kc2 Rc5 30. Kd3 Rd5+ 31. Kc2 Rc5 32. Kd3 1/2-1/2

[Event "FRA-chT Top 16 GpB"]
[Site "Chartres"]
[Date "2022.06.14"]
[Round "6.5"]
[White "Nezar, Mustapha"]
[Black "De Pierrefeu, Thibault"]
[Result "1-0"]
[WhiteElo "2357"]
[BlackElo "2188"]
[PlyCount "105"]
[EventDate "2022.06.09"]
[EventType "team-tourn"]
[EventRounds "7"]
[EventCountry "FRA"]
[SourceTitle "CBM 208 Extra"]
[Source "ChessBase"]
[SourceDate "2022.07.31"]
[SourceVersion "1"]
[SourceVersionDate "2022.07.31"]
[SourceQuality "1"]
[WhiteTeam "Vandoeuvre"]
[BlackTeam "Echiquier de l'Erdre"]
[WhiteTeamCountry "FRA"]
[BlackTeamCountry "FRA"]

1. d4 Nf6 2. c4 e6 3. Nf3 d5 4. g3 Be7 5. Bg2 0-0 6. Qc2 a6 7. 0-0 dxc4 8. a4 Bd7 9. Qxc4 Bc6 10. Nc3 b5 11. Qd3 b4 12. Nb1 Be4 13. Qe3 c5 14. Nbd2 Bd5 15. Qd3 cxd4 16. Qxd4 Nc6 17. Qd3 e5 18. Qb1 Bc5 19. Qc2 Qb6 20. Nb3 Bxb3 21. Qxb3 Na5 22. Qa2 Rae8 23. Nd2 b3 24. Qb1 g6 25. Qd3 Rd8 26. Qf3 Kg7 27. Ne4 Nxe4 28. Qxe4 Rfe8 29. Qh4 f6 30. Bh6+ Kg8 31. Rac1 Rd4 32. Qh3 e4 33. Be3 f5 34. g4 f4 35. Bxf4 Rxa4 36. g5 Rd4 37. Qg3 Bd6 38. e3 Bxf4 39. Qxf4 Qd6 40. Qg4 Rc4 41. Ra1 Nb7 42. Rfd1 Qe6 43. Qxe6+ Rxe6 44. Rd4 Rc5 45. h4 Rce5 46. Bf1 Rb6 47. Bxa6 Nc5 48. Bc4+ Kf8 49. Ra7 Rb7 50. Rxb7 Nxb7 51. Bxb3 Rb5 52. Bd5 Nd6 53. Bc6 1-0

[Event "FRA-chT Top 12"]
[Site "Chalons en Champagne"]
[Date "2021.07.01"]
[Round "8.6"]
[White "Cornette, Matthieu"]
[Black "De Pierrefeu, Thibault"]
[Result "1-0"]
[WhiteElo "2566"]
[BlackElo "2205"]
[PlyCount "55"]
[EventDate "2021.06.24"]
[EventType "team-tourn"]
[EventRounds "11"]
[EventCountry "FRA"]
[SourceTitle "CBM 203 Extra"]
[Source "ChessBase"]
[SourceDate "2021.09.30"]
[SourceVersion "1"]
[SourceVersionDate "2021.09.30"]
[SourceQuality "1"]
[WhiteTeam "Asnieres"]
[BlackTeam "Echiquier de l'Erdre"]
[WhiteTeamCountry "FRA"]
[BlackTeamCountry "FRA"]

1. d4 Nf6 2. Nf3 e6 3. Bf4 c5 4. e3 cxd4 5. exd4 Nc6 6. Nbd2 Be7 7. h3 0-0 8. c3 d6 9. Bh2 e5 10. dxe5 dxe5 11. Nxe5 Nxe5 12. Bxe5 Bc5 13. Be2 Re8 14. Nf3 Qb6 15. 0-0 Ne4 16. Qe1 Qg6 17. Kh1 Bxh3 18. gxh3 Qf5 19. Bh2 Re6 20. Nd4 Bxd4 21. cxd4 Qxh3 22. Rg1 Qh4 23. Rg2 Ng5 24. f4 Qxe1+ 25. Rxe1 Nf3 26. Rd1 Nh4 27. Rf2 Rae8 28. Bb5 1-0

[Event "FRA-chT Top 12"]
[Site "Chalons en Champagne"]
[Date "2021.06.25"]
[Round "2.6"]
[White "Rodshtein, Maxim"]
[Black "De Pierrefeu, Thibault"]
[Result "1/2-1/2"]
[WhiteElo "2614"]
[BlackElo "2205"]
[PlyCount "119"]
[EventDate "2021.06.24"]
[EventType "team-tourn"]
[EventRounds "11"]
[EventCountry "FRA"]
[SourceTitle "CBM 203 Extra"]
[Source "ChessBase"]
[SourceDate "2021.09.30"]
[SourceVersion "1"]
[SourceVersionDate "2021.09.30"]
[SourceQuality "1"]
[WhiteTeam "Bischwiller"]
[BlackTeam "Echiquier de l'Erdre"]
[WhiteTeamCountry "FRA"]
[BlackTeamCountry "FRA"]

1. d4 Nf6 2. c4 e6 3. Nf3 d5 4. Nc3 dxc4 5. e4 b5 6. e5 Nd5 7. Nxb5 Nb6 8. Be2 Be7 9. 0-0 Nc6 10. Be3 Rb8 11. Nc3 0-0 12. Qd2 Bb7 13. Rfd1 Nb4 14. b3 cxb3 15. axb3 a6 16. Qc1 N6d5 17. Nxd5 Bxd5 18. Nd2 Qc8 19. Bf1 Qb7 20. Qc3 f5 21. exf6 gxf6 22. Rdc1 Bd6 23. Bh6 Rf7 24. Nc4 Kh8 25. Nxd6 cxd6 26. Ra4 Nc6 27. Rxa6 Ne7 28. Qa5 Nf5 29. Rb6 Qa8 30. Ra6 Qb7 31. Rb6 Qa8 32. Qxa8 Rxa8 33. Be3 Nh4 34. Rxd6 Bxb3 35. g3 Nf5 36. Rb6 Bd5 37. Bg2 Rd8 38. Bxd5 Rxd5 39. Rxe6 Nxd4 40. Rc8+ Kg7 41. Ree8 Rfd7 42. g4 Nf3+ 43. Kg2 Nh4+ 44. Kg3 Ng6 45. Rg8+ Kf7 46. h4 h5 47. g5 f5 48. f3 Rd3 49. Bf4 R7d4 50. Rxg6 Kxg6 51. Rc6+ Kf7 52. Be5 f4+ 53. Bxf4 Rd1 54. g6+ Kg8 55. Be5 Rd8 56. Rc7 Rg1+ 57. Kf4 Rxg6 58. Kf5 Rg2 59. f4 Rf8+ 60. Bf6 1/2-1/2

[Event "FRA-chT Top 12"]
[Site "Chalons en Champagne"]
[Date "2021.06.24"]
[Round "1.1"]
[White "Dutreuil, Raphael"]
[Black "De Pierrefeu, Thibault"]
[Result "1-0"]
[WhiteElo "2309"]
[BlackElo "2205"]
[PlyCount "71"]
[EventDate "2021.06.24"]
[EventType "team-tourn"]
[EventRounds "11"]
[EventCountry "FRA"]
[SourceTitle "CBM 203 Extra"]
[Source "ChessBase"]
[SourceDate "2021.09.30"]
[SourceVersion "1"]
[SourceVersionDate "2021.09.30"]
[SourceQuality "1"]
[WhiteTeam "Villejuif"]
[BlackTeam "Echiquier de l'Erdre"]
[WhiteTeamCountry "FRA"]
[BlackTeamCountry "FRA"]

1. Nf3 Nf6 2. g3 e6 3. Bg2 d5 4. 0-0 Be7 5. c4 0-0 6. d4 dxc4 7. Qc2 b5 8. a4 b4 9. Qxc4 Ba6 10. Qc2 c5 11. dxc5 Nbd7 12. c6 Rc8 13. Rd1 b3 14. Qxb3 Nc5 15. Qc2 Qb6 16. Be3 Nd5 17. Rxd5 exd5 18. Nd4 Ne4 19. Bxe4 dxe4 20. Nc3 Rfd8 21. Ne6 Qxc6 22. Nxd8 Bxd8 23. Qxe4 Qxe4 24. Nxe4 Rb8 25. Bxa7 Rxb2 26. Rd1 Ba5 27. Rd5 Bc7 28. Rd7 Ba5 29. Bd4 Rb1+ 30. Kg2 Rb7 31. Rd5 Bc7 32. Nc5 Bc4 33. Rd7 Ra7 34. Ne4 Rb7 35. Be5 Bxe5 36. Rd8# 1-0

[Event "FRA-chT2 0405"]
[Site "France"]
[Date "2004.11.07"]
[Round "3"]
[White "De Pierrefeu, Thibault"]
[Black "Blancho, Gwenael"]
[Result "1-0"]
[WhiteElo "2194"]
[BlackElo "2030"]
[PlyCount "51"]
[EventDate "2004.10.10"]
[EventType "team"]
[EventRounds "11"]
[EventCountry "FRA"]
[SourceTitle "EXT 2006"]
[Source "ChessBase"]
[SourceDate "2005.11.24"]
[SourceVersion "1"]
[SourceVersionDate "2005.11.24"]
[SourceQuality "1"]
[WhiteTeam "Paris Chess XV I"]
[BlackTeam "Sautron II"]
[WhiteTeamCountry "FRA"]
[BlackTeamCountry "FRA"]

1. e4 c5 2. b4 d6 3. Bc4 e6 4. bxc5 dxc5 5. Nf3 Nf6 6. Nc3 Nc6 7. 0-0 Be7 8. e5 Nd5 9. Ne4 0-0 10. Rb1 Qc7 11. Bb2 Rd8 12. Re1 Na5 13. Bxd5 exd5 14. Ng3 Nc4 15. Bc1 Bg4 16. d3 Nb6 17. h3 Be6 18. Ng5 Bxg5 19. Bxg5 Re8 20. f4 d4 21. Ne4 Nd5 22. Qh5 h6 23. Bxh6 gxh6 24. Qxh6 Bf5 25. Nf6+ Nxf6 26. exf6 1-0

[Event "FRA-chT2 0405"]
[Site "France"]
[Date "2004.11.06"]
[Round "2.8"]
[White "De Pierrefeu, Thibault"]
[Black "Varlet, Nicolas"]
[Result "0-1"]
[WhiteElo "2194"]
[BlackElo "2150"]
[PlyCount "64"]
[EventDate "2004.10.10"]
[EventType "team"]
[EventRounds "11"]
[EventCountry "FRA"]
[SourceTitle "EXT 2006"]
[Source "ChessBase"]
[SourceDate "2005.11.24"]
[SourceVersion "1"]
[SourceVersionDate "2005.11.24"]
[SourceQuality "1"]
[WhiteTeam "Paris Chess XV I"]
[BlackTeam "Tours"]
[WhiteTeamCountry "FRA"]
[BlackTeamCountry "FRA"]

1. e4 e6 2. d4 d5 3. Nc3 Bb4 4. e5 b6 5. Qg4 Bf8 6. Bg5 Qd7 7. Nf3 c6 8. h4 h6 9. Bd2 f5 10. exf6 gxf6 11. Bd3 Qg7 12. Bg6+ Kd8 13. h5 e5 14. Qh4 Ne7 15. dxe5 fxe5 16. 0-0-0 Nd7 17. Rhe1 Kc7 18. Nxe5 Nxe5 19. Bf4 N7xg6 20. hxg6 Bd6 21. Rxd5 cxd5 22. Nb5+ Kc6 23. Nxd6 Nxg6 24. Qg3 Qf6 25. Be5 Nxe5 26. Rxe5 Qxd6 27. c4 Be6 28. Qe3 Bf7 29. Re7 Rae8 30. cxd5+ Qxd5 31. b4 Rxe7 32. Qxe7 Qg5+ 0-1

[Event "Paris-ch"]
[Site "Paris"]
[Date "2004.07.10"]
[Round "8"]
[White "Borzakian, Manouk"]
[Black "De Pierrefeu, Thibault"]
[Result "1-0"]
[WhiteElo "2200"]
[BlackElo "2198"]
[PlyCount "103"]
[EventDate "2004.07.03"]
[EventType "swiss"]
[EventRounds "9"]
[EventCountry "FRA"]
[SourceTitle "CBM 101 Extra"]
[Source "ChessBase"]
[SourceDate "2004.09.01"]
[SourceVersion "2"]
[SourceVersionDate "2004.09.01"]
[SourceQuality "1"]

1. e4 e5 2. Nf3 Nc6 3. Bb5 a6 4. Ba4 Nf6 5. 0-0 Be7 6. Re1 b5 7. Bb3 0-0 8. h3 d6 9. c3 Na5 10. Bc2 c5 11. d4 Qc7 12. Nbd2 cxd4 13. cxd4 Rd8 14. Nf1 exd4 15. Nxd4 d5 16. e5 Ne4 17. Bf4 Bc5 18. Ne3 Qb6 19. Nb3 Nxb3 20. Bxb3 Be6 21. Qh5 Nd2 22. Bc2 g6 23. Qe2 Nc4 24. Nd1 Rac8 25. Bd3 Re8 26. b3 Na5 27. Bg5 Nc6 28. Bf6 Nb4 29. Ne3 Nxd3 30. Qxd3 d4 31. Ng4 h5 32. Qd2 Bf8 33. Nh2 Rc3 34. Nf3 Rxf3 35. gxf3 Bxh3 36. Rad1 Qc6 37. Qxd4 Qxf3 38. Qe4 Qxe4 39. Rxe4 Bf5 40. Re3 Bh6 41. Rc3 Bf4 42. Rc5 h4 43. Bxh4 Bxe5 44. Rd8 Rxd8 45. Bxd8 Bd4 46. Rc6 a5 47. Bxa5 g5 48. Bd2 g4 49. Bc3 Ba7 50. Ra6 Bc5 51. Rh6 Kf8 52. Rh5 1-0

[Event "Paris-ch"]
[Site "Paris"]
[Date "2004.07.09"]
[Round "7"]
[White "De Pierrefeu, Thibault"]
[Black "Lamorelle, Julien"]
[Result "1/2-1/2"]
[WhiteElo "2198"]
[BlackElo "2202"]
[PlyCount "164"]
[EventDate "2004.07.03"]
[EventType "swiss"]
[EventRounds "9"]
[EventCountry "FRA"]
[SourceTitle "CBM 101 Extra"]
[Source "ChessBase"]
[SourceDate "2004.09.01"]
[SourceVersion "2"]
[SourceVersionDate "2004.09.01"]
[SourceQuality "1"]

1. e4 e5 2. Nf3 Nc6 3. Nc3 Nf6 4. d4 exd4 5. Nd5 Nxd5 6. exd5 Bb4+ 7. Bd2 Qe7+ 8. Qe2 Bxd2+ 9. Kxd2 Qxe2+ 10. Bxe2 Ne7 11. d6 cxd6 12. Nxd4 a6 13. Bf3 g6 14. Rhe1 Kd8 15. Rad1 Nc6 16. Kc3 Re8 17. Bd5 f6 18. f4 Rb8 19. Rxe8+ Kxe8 20. Rd3 Ne7 21. Bb3 d5 22. g4 d6 23. g5 Kf7 24. Re3 Bd7 25. a4 Rc8+ 26. Kd2 Rc5 27. c3 Nc8 28. f5 gxf5 29. Rh3 fxg5 30. Rxh7+ Ke8 31. Rh5 Kf7 32. Rxg5 Kf6 33. h4 Nb6 34. Bd1 Nc4+ 35. Kc1 Ne3 36. Bh5 Rc8 37. Rg6+ Ke5 38. Rg7 Rh8 39. Re7+ Kf6 40. Rf7+ Ke5 41. Bg6 Bxa4 42. h5 b6 43. b3 Bb5 44. Re7+ Kf4 45. Ne6+ Kg4 46. Nd4 f4 47. Rf7 Be8 48. Rf6 Bxg6 49. hxg6 Kg5 50. Rxd6 Rg8 51. Nf3+ Kg4 52. Ne5+ Kf5 53. Nf3 Ng4 54. Rxb6 Ke4 55. Nh4 f3 56. Re6+ Kf4 57. Kd2 f2 58. Ke2 Kg3 59. Nf5+ Kg2 60. Nh4+ Kh3 61. Nf3 Rf8 62. Nd2 Kg2 63. g7 Rg8 64. Rg6 Kh3 65. c4 d4 66. Nf1 Kh4 67. c5 Kh5 68. Rxa6 Rxg7 69. Ng3+ Kg5 70. Ne4+ Kf4 71. Nxf2 Re7+ 72. Kd3 Nxf2+ 73. Kxd4 Ne4 74. c6 Nd6 75. Ra1 Nb5+ 76. Kc4 Nc7 77. b4 Ke5 78. b5 Nd5 79. Re1+ Kd6 80. Rd1 Re4+ 81. Rd4 Rxd4+ 82. Kxd4 Nb6 1/2-1/2

[Event "Arthur Andersen Trophy 11th"]
[Site "Neuilly"]
[Date "2001.04.07"]
[Round "5"]
[White "De Pierrefeu, Thibault"]
[Black "Flament, Alexandre"]
[Result "1-0"]
[WhiteElo "2000"]
[BlackElo "2186"]
[PlyCount "89"]
[EventDate "2001.04.??"]
[EventType "swiss (rapid)"]
[EventRounds "7"]
[EventCountry "FRA"]
[SourceTitle "EXT 2005"]
[Source "ChessBase"]
[SourceDate "2004.11.15"]
[SourceVersion "1"]
[SourceVersionDate "2004.11.15"]
[SourceQuality "1"]

1. e4 e6 2. d4 d5 3. Nc3 dxe4 4. Nxe4 Nd7 5. Nf3 Ngf6 6. Bd3 b6 7. Bg5 Bb7 8. Qe2 Be7 9. Bxf6 gxf6 10. c3 Rg8 11. Ng3 h6 12. Be4 Qc8 13. Bxb7 Qxb7 14. 0-0-0 0-0-0 15. Rhe1 Kb8 16. Kb1 Bd6 17. Qe3 Rg6 18. Nh4 Rgg8 19. Nf3 Rg6 20. Ne4 Qd5 21. Nxd6 Qxd6 22. g3 h5 23. Nh4 Rg5 24. f4 Ra5 25. Qf3 Qd5 26. Qxd5 Rxd5 27. f5 Nc5 28. b4 Na4 29. Kc2 exf5 30. Kb3 b5 31. Re7 R5d7 32. Rde1 Nb6 33. Nxf5 Nd5 34. Rxd7 Rxd7 35. Re8+ Kb7 36. Rh8 Ne7 37. Rxh5 a6 38. h4 Rd5 39. g4 Ng6 40. Rh7 Rd7 41. h5 Nf4 42. Nh6 Ne6 43. Rxf7 Rxf7 44. Nxf7 Ng5 45. Nxg5 1-0

[Event "FRA-chT U18"]
[Site "France"]
[Date "1996.??.??"]
[Round "?"]
[White "De Pierrefeu, Thibault"]
[Black "Dussart, Frederic"]
[Result "0-1"]
[WhiteElo "1810"]
[BlackElo "2130"]
[PlyCount "95"]
[EventDate "1996.??.??"]
[EventType "team"]
[EventRounds "11"]
[EventCountry "FRA"]
[SourceTitle "EXT 2004"]
[Source "ChessBase"]
[SourceDate "2003.11.25"]
[SourceVersion "1"]
[SourceVersionDate "2003.11.25"]
[SourceQuality "1"]

1. e4 c5 2. Nc3 Nc6 3. g3 g6 4. Bg2 Bg7 5. d3 d6 6. f4 e6 7. Nf3 Nge7 8. 0-0 0-0 9. Be3 Nd4 10. Bf2 Nxf3+ 11. Bxf3 Nc6 12. Bg2 Rb8 13. Rb1 b6 14. a4 Bb7 15. Ne2 d5 16. Nc3 dxe4 17. Nxe4 e5 18. Be1 exf4 19. gxf4 Nd4 20. c3 Nf5 21. Qf3 Re8 22. Bg3 Qd7 23. a5 c4 24. axb6 axb6 25. Rbd1 cxd3 26. Rxd3 Qb5 27. Re1 Qxb2 28. Nf6+ Bxf6 29. Rxe8+ Rxe8 30. Qxb7 Qb1+ 31. Bf1 Ne3 32. Qf3 Nxf1 33. Qxf1 Qc2 34. f5 Bxc3 35. fxg6 hxg6 36. Rd7 Qb3 37. Qd3 Qb4 38. Qf3 Bd4+ 39. Kg2 Qb2+ 40. Kh3 Bf6 41. Qd5 Re7 42. Rxe7 Bxe7 43. Be5 Qa3+ 44. Kg2 Qa5 45. Qd4 Qa8+ 46. Kg3 Qd8 47. Qf4 Qd3+ 48. Kg4 0-1